Which Came First: Movie Franchises Quiz Stats

 Plays Quiz Updated Aug 28, 2018

Score 0/20 Timer 05:00
3 Plays Today
Question Answer Wrong Answers
Which debuted first? Jurassic Park
86.2%
Men in Black
10.8%
Which debuted first? Home Alone
83.4%
Scream
13.5%
Which debuted first? Karate Kid
76.9%
Die Hard
20.2%
Which debuted first? Indiana Jones
76.2%
Terminator
20.7%
Which debuted first? Ghostbusters
72.6%
Predator
24.4%
Which debuted first? Spy Kids
71.1%
Pirates of the Caribbean
26.1%
Which debuted first? Transformers
70.5%
Marvel Cinematic Universe
26.6%
Which debuted first? American Pie
69.3%
Scary Movie
27.7%
Which debuted first? Planet of the Apes
67.8%
Jaws
29.3%
Which debuted first? X-Men
66.8%
Bourne
30.2%
Which debuted first? King Kong
64.6%
Godzilla
32.3%
Which debuted first? The Hunger Games
63.3%
DC Extended Universe
33.7%
Which debuted first? Police Academy
63.2%
Beverly Hills Cop
33.9%
Which debuted first? Halloween
61.3%
Alien
35.9%
Which debuted first? Friday the 13th
57.4%
Nightmare on Elm Street
39.6%
Which debuted first? Toy Story
55.3%
Mission: Impossible
41.8%
Which debuted first? Rocky
53.8%
Star Wars
43.4%
Which debuted first? The Fast and the Furious
53.3%
Harry Potter
43.8%
Which debuted first? Paranormal Activity
52.4%
Twilight
44.6%
Which debuted first? Lord of the Rings
47.4%
Spider-Man
49.7%

You're not logged in!

Compare scores with friends on all Sporcle quizzes.
OR
Log In

Sporcle TV

Today on Sporcle TV


Watch our educational content, quiz creation guides, and fun videos on Sporcle TV.

Show Comments

Extras

Top Quizzes Today


Score Distribution

Your Account Isn't Verified!

In order to create a playlist on Sporcle, you need to verify the email address you used during registration. Go to your Sporcle Settings to finish the process.

Report this User

Report this user for behavior that violates our Community Guidelines.

Details: